Anatomy of Crude Drugs (Record no. 8567)

MARC details
000 -LEADER
fixed length control field 00382nam a22001577a 4500
008 - FIXED-LENGTH DATA ELEMENTS--GENERAL INFORMATION
fixed length control field 200317b ||||| |||| 00| 0 eng d
020 ## - INTERNATIONAL STANDARD BOOK NUMBER
International Standard Book Number 9788178002903
082 ## - DEWEY DECIMAL CLASSIFICATION NUMBER
Classification number 611 IYA
100 ## - MAIN ENTRY--PERSONAL NAME
Personal name Iyengar, M.A.
245 ## - TITLE STATEMENT
Title Anatomy of Crude Drugs
250 ## - EDITION STATEMENT
Edition statement 12nd
Remainder of edition statement 2018
260 ## - PUBLICATION, DISTRIBUTION, ETC. (IMPRINT)
Place of publication, distribution, etc New Delhi
Name of publisher, distributor, etc PharmaMed Press/BSP Books
300 ## - PHYSICAL DESCRIPTION
Extent 77
650 ## - SUBJECT ADDED ENTRY--TOPICAL TERM
Topical term or geographic name as entry element Pharmacognosy
942 ## - ADDED ENTRY ELEMENTS (KOHA)
Source of classification or shelving scheme Dewey Decimal Classification
Koha item type Text Books
Holdings
Withdrawn status Lost status Source of classification or shelving scheme Damaged status Not for loan Collection code Home library Current library Date acquired Source of acquisition Currency Cost, normal purchase price Bill Number Total Checkouts Full call number Acc. no. / Barcode Date last seen Copy number Actual Cost, discounted price Bill Date Koha item type
    Dewey Decimal Classification     B.Pharma PIET C-LIBRARY PIET C-LIBRARY 07/01/2020 Kirti Praskshan IN Rupees 80.00 IN5980   611 IYA BP225 17/03/2020 1 60.00 07/01/2020 Reference Books
    Dewey Decimal Classification     B.Pharma PIET C-LIBRARY PIET C-LIBRARY 07/01/2020 Kirti Praskshan IN Rupees 80.00 IN5980   611 IYA BP226 17/03/2020 2 60.00 07/01/2020 Text Books
    Dewey Decimal Classification     B.Pharma PIET C-LIBRARY PIET C-LIBRARY 07/01/2020 Kirti Praskshan IN Rupees 80.00 IN5980   611 IYA BP227 17/03/2020 3 60.00 07/01/2020 Text Books
    Dewey Decimal Classification     B.Pharma PIET C-LIBRARY PIET C-LIBRARY 07/01/2020 Kirti Praskshan IN Rupees 80.00 IN5980   611 IYA BP228 17/03/2020 4 60.00 07/01/2020 Text Books

Design & Developed by: PIET Central Library
R70 Miles Stone Pattikalyana Samalkha Panipat 132102
mail ID :- [email protected], Phone No:- 0180-2569700 Ex.216